000 00319nam a22001337a 4500
020 _a978-9388399838
041 _aENG
100 _aBosos.E.S
245 _aThery Construction And Calculations Of Agricultural Machines
260 _aDelhi
_bOxonian Press
_c1998
300 _a810
650 _aFMP
856 _uFMP (23 )
999 _c1371
_d1371